000 00832nam a22002297a 4500
008 240605b mp ||||| |||| 00| 0 mon d
020 _a99929-0-475-5
035 _a11016
040 _aHE0623081
_bmon
_cMN-UlNLM
_dMN-UlNLM
_erda
041 _amon
042 _a24368
084 _2NNA
_a28.693.35
_bК.921
100 _aКуппэр Х.
245 0 _aДууч шувууд
264 _aУБ.
_bМонсудар
_c2005
300 _a20х.
336 _2rdacontent
_atext
_btxt
337 _2rdamedia
_aunmediated
_bn
338 _2rdacarrier
_avolume
_bnc
650 _aЭнэхүү номонд улаан гургалдай, хар хөөндэй, боролзой болжмор, их хөх бух, дуулгат ээрүүл бялзуухай, уран бялзуухай, оронгийн бор...
942 _2NNA
_cBK
999 _c883075
_d883132